000 00501nam a22001577a 4500
999 _c41121
_d41121
003 OSt
005 20210312121809.0
008 210312b ||||| |||| 00| 0 eng d
020 _a9789350134573
040 _coclc
082 _a371.271
_bANA/T
100 _98538
_aAnand, S
245 _aTeacher Eligibility Test :
_bMathematics And Science Teacher Paper 2 /
_cS Anand ; Gupta ; Singh
260 _aAgra:
_bUpkar Prakashan,
942 _2ddc
_cBK
_h371.271
_iANA/T
_k371.271
_mANA/T